Nommez le 10 plus grand port maritime d’Europe - Statistiques

Statistiques générales
  • Ce quiz a été pris 105 fois
  • Le résultat moyen est 5 sur 10
Statistiques - réponses
Hint Réponse % Correct
NL Rotterdam
87%
F Marseille
85%
F Le Havre
83%
NL Amsterdam
76%
B Anvers
63%
D Hambourg
57%
SP Valence
27%
D Brême
20%
GR Pirée
3%
SP Algésiras
0%
Aucun quiz correspondant
Distribution des résultats
% des personnes avec chaque résultat
Percentile par nombre de réponses
Votre historique - résultats
Vous n’avez pas pris ce quiz